Mundo rural y compromiso cristiano / (Record no. 35783)

MARC details
000 -LEADER
campo de control de longitud fija 00534nam a2200169 i 4500
001 - NÚMERO DE CONTROL
campo de control 35783
003 - IDENTIFICADOR DE NÚMERO DE CONTROL
campo de control ES-MaACL
005 - FECHA Y HORA DE LA ÚLTIMA TRANSACCIÓN
campo de control 20230906155219.0
007 - CAMPO FIJO DE DESCRIPCIÓN FÍSICA--INFORMACIÓN GENERAL
campo de control de longitud fija t|
008 - DATOS DE LONGITUD FIJA--INFORMACIÓN GENERAL
campo de control de longitud fija 030214s1966 sp ||||1| spa d
100 1# - ENTRADA PRINCIPAL--NOMBRE DE PERSONA
Nombre de persona Boulard, Fernand.
9 (RLIN) 30901
245 10 - MENCIÓN DEL TÍTULO
Título Mundo rural y compromiso cristiano /
Mención de responsabilidad, etc. Fernand Boulard.
260 ## - PUBLICACIÓN, DISTRIBUCIÓN, ETC.
Lugar de publicación, distribución, etc. Barcelona :
Nombre del editor, distribuidor, etc. Instituto Católico de Estudios Sociales,
Fecha de publicación, distribución, etc. [1966]
300 ## - DESCRIPCIÓN FÍSICA
Extensión 90 p. ;
Dimensiones 19 cm.
710 2# - ENTRADA AGREGADA--NOMBRE DE ENTIDAD CORPORATIVA
Nombre de entidad corporativa o nombre de jurisdicción como elemento de entrada Institut Catòlic d'Estudis Socials de Barcelona.
9 (RLIN) 4738
852 ## - LOCALIZACIÓN
Ubicación ES-MaACL
Número de control de estantería C-30660
Sublocalización o colección R.70298
Holdings
Estatus retirado Estado de pérdida Estado de daño No para préstamo Biblioteca de origen Biblioteca actual Ubicación en estantería Fecha de adquisición Fuente de adquisición Total de préstamos Signatura topográfica completa Código de barras Visto por última vez Precio de reemplazo Tipo de ítem Koha
        Biblioteca del Ateneo de Madrid Biblioteca del Ateneo de Madrid Depósito 2 17/01/2008     C-30660 1037484 23/02/2023 23/02/2023 Libro impreso